Children of Gebelaawi

Bibliographic Details
Main Author: Mahfuz, Najib , 1912- (Author)
Format: Book
Published: Washington D.C. : Three Continents Press , 1988
Edition:Rev. ed.

MARC

LEADER 00000cam a2200000 7i4500
001 0000005094
005 20180205093000.0
008 021118n
020 |a 089410679X 
090 0 0 |a PJ7846.A46   |b C413 f 
100 0 |a Mahfuz, Najib ,   |d 1912- ,   |e author 
245 0 0 |a Children of Gebelaawi   |c Naguib Mahfuz 
250 |a Rev. ed. 
260 2 |a Washington D.C. :   |b Three Continents Press ,   |c 1988 
300 |a 368 p. ; ;   |c 22 cm. 
999 |a 1000054197   |b Book   |c Close Access   |e Gong Badak Campus